Estatísticas para Nomeie um músico brasileiro válido

Clique aqui para jogar o quiz

Estatísticas Gerais

  • Esse quiz foi jogado 335 vezes
  • A pontuação média é 7 de 16

Estatísticas das Respostas

PistaMúsico (s)% Correto
Com mais de 55 milhões de discos vendidosRoberto Carlos | Nelson Gonçalves | Ângela Maria | Rita Lee
73%
Compositor e intérprete da segunda música mais tocada na história (sobre uma pessoa em uma praia do Rio de Janeiro)Tom Jobim | Vinícius de Moraes
69%
Vocalista do Barão VermelhoCazuza | Frejat | Rodrigo Suricato
68%
Já participou de novelas ou séries da Rede Globo como atorDiogo Nogueira | Paulo Miklos | Evandro Mesquita | Ivete Sangalo | Sandy | Junior | Daniel | Fábio Júnior | Fiuk | Sidney Magal | Fafá de Belém | Luan Santana | Toni Garrido | Lucas Lucco | Nego do Borel | Zezé Di Camargo | Luciano | Paulo Ricardo | Sérgio Reis | Almir Sater | Léo Jaime
68%
Cantor sertanejo que fazia parte da série de shows "Amigos"Chitãozinho | Xororó | Zezé Di Camargo | Luciano | Leandro | Leonardo
61%
Representante da TropicáliaCarmen Miranda | José Celso Martinez Correa | Arnaldo Baptista | Caetano Veloso | Gal Costa | Gilberto Gil | Julio Medaglia | Rita Lee | Tom Zé | Torquato Neto | Jorge Ben Jor
56%
Vencedor de "Música do Ano" do Prêmio Globo de Melhores do ano, apresentado por Fausto Silva (1995-2019)Martinho da Vila | Daniela Mercury | Nana Caymmi | Caetano Veloso | Ana Carolina | Ivete Sangalo | Luka | Marjorie Estiano | Victor | Leo | Luan Santana | Michel Teló | Munhoz | Mariano | Anitta | Ludmilla | Pabllo Vittar | Zé Neto | Cristiano | Felipe Araújo | Ferrugem
54%
Com mais de 2,5 milhões de downloads pagos (inclui streaming)Gusttavo Lima | Marília Mendonça | Matheus | Kauan | Wesley Safadão | Maiara | Maraisa | Anitta | Felipe Araújo | Jorge | Mateus
48%
Membro dos TitãsArnaldo Antunes | Branco Mello | Paulo Miklos | Sérgio Britto | Charles Gavin | Tony Bellotto | Nando Reis | Marcelo Fromer | André Jung | Ciro Pessoa
47%
Membro clássico dos MutantesArnaldo Baptista | Rita Lee | Sérgio Dias | Dinho Leme | Liminha
45%
Vencedor do Grammy InternacionalLaurindo Almeida | Salli Terri | Astrud Gilberto | Stan Getz | João Gilberto | Eumir Deodato | Bidú Sayão | Heitor Villa-Lobos | Sérgio Mendes | Tom Jobim | Milton Nascimento | Caetano Veloso | Gilberto Gil | Eliane Elias
35%
Morto em 2019Beth Carvalho | Marcelo Yuka | Gabriel Diniz | MC Sapão | João Gilberto | Serguei | Fernanda Young
31%
Ganhou fama devido a apenas uma música (one hit wonder)Ritchie | Rosana | Dalto | Corona | Vinny | Maurício Manieri | Fausto Fawcett | Luka | Vanessa Rangel | Vange Leonel | Sarajane | Patrícia Marx | Jojo Toddynho | MC G15 | MC Loma | Gabriel Diniz
22%
Entrou na lista da Billboard Hot 100Astrud Gilberto | Stan Getz | Sérgio Mendes | Morris Albert | Michel Teló | Claudia Leitte | Nego do Borel
21%
Que um só álbum vendeu mais de 2,5 milhões de cópiasXuxa | Marcelo Rossi | Leandro | Leonardo | Sandy | Junior | Paulo Ricardo | Alexandre Pires
17%
Pessoa que ficou famosa como ator e gravou discosSusana Vieira | Daniel Boaventura | Antônio Fagundes | Marília Pêra | Mário Gomes | Isabel Fillardis | Rodrigo Faro | Dado Dolabella
6%

Distribuição das Pontuações

Percentil de Números Respondidos

Porcentagem de Pessoas com Cada Pontuação

Sua Pontuação Histórica

Você não jogou esse quiz